<?xml version="1.0" encoding="UTF-8"?>
<resp>
  <nextPage>https://data.bn.org.pl/api/networks/bibs.marcxml?marc=001+b1000000443512&amp;sinceId=1000000443513</nextPage>
  <collection>
    <record xmlns='http://www.loc.gov/MARC21/slim'><leader>01971nam a2200661 i 4500</leader><controlfield tag='001'>b1000000443512</controlfield><controlfield tag='005'>20250830060534.6</controlfield><controlfield tag='008'>191106s1971    xr a   a     |000 j pol c</controlfield><controlfield tag='009'>9911274838205606</controlfield><datafield ind1=' ' ind2=' ' tag='015'><subfield code='a'>PZ 1956-1983</subfield></datafield><datafield ind1=' ' ind2=' ' tag='020'><subfield code='q'>(Oprawa miękka)</subfield></datafield><datafield ind1=' ' ind2=' ' tag='035'><subfield code='a'>(PL)b1000000443512</subfield></datafield><datafield ind1=' ' ind2=' ' tag='040'><subfield code='a'>WA N</subfield><subfield code='c'>WA N</subfield><subfield code='d'>WA N</subfield></datafield><datafield ind1=' ' ind2=' ' tag='046'><subfield code='k'>1971</subfield></datafield><datafield ind1=' ' ind2=' ' tag='080'><subfield code='a'>82-93(0.054)</subfield></datafield><datafield ind1=' ' ind2=' ' tag='084'><subfield code='a'>09</subfield></datafield><datafield ind1='0' ind2='0' tag='245'><subfield code='a'>Dzień dobry dzieci! /</subfield><subfield code='c'>[opracowanie graficzne V. Kubašta].</subfield></datafield><datafield ind1=' ' ind2=' ' tag='260'><subfield code='a'>Praha :</subfield><subfield code='b'>Pragopress,</subfield><subfield code='c'>© 1971.</subfield></datafield><datafield ind1=' ' ind2=' ' tag='300'><subfield code='a'>[18] stron :</subfield><subfield code='b'>ilustracje ;</subfield><subfield code='c'>27 cm.</subfield></datafield><datafield ind1=' ' ind2=' ' tag='336'><subfield code='a'>Tekst</subfield><subfield code='b'>txt</subfield><subfield code='2'>rdacontent</subfield></datafield><datafield ind1=' ' ind2=' ' tag='336'><subfield code='a'>Obraz</subfield><subfield code='b'>sti</subfield><subfield code='2'>rdacontent</subfield></datafield><datafield ind1=' ' ind2=' ' tag='337'><subfield code='a'>Bez urządzenia pośredniczącego</subfield><subfield code='b'>n</subfield><subfield code='2'>rdamedia</subfield></datafield><datafield ind1=' ' ind2=' ' tag='338'><subfield code='a'>Wolumin</subfield><subfield code='b'>nc</subfield><subfield code='2'>rdacarrier</subfield></datafield><datafield ind1=' ' ind2=' ' tag='380'><subfield code='a'>Książki</subfield></datafield><datafield ind1=' ' ind2=' ' tag='380'><subfield code='a'>Komiksy i książki obrazkowe</subfield></datafield><datafield ind1=' ' ind2=' ' tag='380'><subfield code='a'>Proza</subfield></datafield><datafield ind1=' ' ind2=' ' tag='385'><subfield code='m'>Grupa wiekowa</subfield><subfield code='a'>Dzieci</subfield></datafield><datafield ind1=' ' ind2=' ' tag='385'><subfield code='m'>Grupa wiekowa</subfield><subfield code='a'>0-5 lat</subfield></datafield><datafield ind1=' ' ind2=' ' tag='385'><subfield code='m'>Grupa wiekowa</subfield><subfield code='a'>6-8 lat</subfield></datafield><datafield ind1='1' ind2=' ' tag='388'><subfield code='a'>1901-2000</subfield></datafield><datafield ind1='1' ind2=' ' tag='388'><subfield code='a'>1945-1989</subfield></datafield><datafield ind1=' ' ind2='7' tag='650'><subfield code='a'>Dziadkowie i wnuki</subfield><subfield code='2'>DBN</subfield></datafield><datafield ind1=' ' ind2='7' tag='650'><subfield code='a'>Urodziny</subfield><subfield code='2'>DBN</subfield></datafield><datafield ind1=' ' ind2='7' tag='650'><subfield code='a'>Żarty</subfield><subfield code='2'>DBN</subfield></datafield><datafield ind1=' ' ind2='7' tag='655'><subfield code='a'>Książka obrazkowa</subfield><subfield code='2'>DBN</subfield></datafield><datafield ind1=' ' ind2='7' tag='655'><subfield code='a'>Książka-zabawka</subfield><subfield code='2'>DBN</subfield></datafield><datafield ind1=' ' ind2='7' tag='655'><subfield code='a'>Opowiadania i nowele</subfield><subfield code='2'>DBN</subfield></datafield><datafield ind1='1' ind2=' ' tag='700'><subfield code='a'>Kubašta, Vojtěch</subfield><subfield code='d'>(1914-1992)</subfield><subfield code='e'>Ilustracje</subfield></datafield><datafield ind1=' ' ind2=' ' tag='852'><subfield code='b'>48OMNIS_NLOP</subfield><subfield code='8'>991052567599205066</subfield></datafield><datafield ind1=' ' ind2=' ' tag='852'><subfield code='b'>48OMNIS_NETWORK</subfield><subfield code='8'>9911274838205606</subfield></datafield><datafield ind1=' ' ind2=' ' tag='852'><subfield code='8'>22595671920005066</subfield><subfield code='j'>1</subfield><subfield code='h'>4.960 A Wyst.</subfield><subfield code='b'>BN_PL</subfield><subfield code='p'>30001029000874</subfield><subfield code='c'>bk6</subfield></datafield><datafield ind1=' ' ind2=' ' tag='920'><subfield code='a'>(Oprawa miękka)</subfield></datafield></record>
  </collection>
</resp>
